000 00705nam a2200241Ia 4500
003 OSt
005 20221005130439.0
006 a|||||r|||| 00| 0
007 ta
008 221004b |||||||| |||| 00| 0 eng d
024 _a69999
037 _cTextual
040 _aCRL
_cCRL
_beng
041 _2eng
_aeng
082 _aY1:7:7.254, J6
110 _aIndia (Government of --). Planning Commission
245 0 _aReport on the bench mark survey of Bhadrak community development project, block 1, Orissa 1956
260 _c1956
650 _aSOCIOLOGY
700 _aIndia (Government of --). Planning Commission
942 _hY1:7:7.254, J6
_cTEXL
_2cc
999 _c1057265
_d1057265